le matos du mag - Statistiques

Statistiques générales
  • Ce quiz a été pris 15 fois
  • Le résultat moyen est 26 sur 58
Statistiques - réponses
Par images Réponse % Correct
objectif
91%
boitier
73%
pas kodak
73%
trepied
73%
pas du congrès
64%
clap
55%
follow focus
55%
hdmi
55%
mire
55%
moniteur
55%
panneau led
55%
reflecteur
55%
semelle
55%
tom pouce
55%
bnc
45%
borniol
45%
bras de deport
45%
bras magique
45%
cadre de diff
45%
cellule
45%
convertisseur
45%
cube machino
45%
decoupe
45%
dolly
45%
doublette
45%
drapeau
45%
gaffeur
45%
kit mama
45%
mandarine
45%
minette
45%
mizar
45%
pavotube
45%
pied de mille
45%
pied u126
45%
prise marechale
45%
prolong
45%
quadrilights
45%
sangle
45%
touret
45%
varineutre
45%
barnier
36%
contre-poids
36%
gueuse
36%
par
36%
rail
36%
rotule
36%
big ben
27%
elingue
27%
main de singe
27%
pied manfrotto leger
27%
pied windup
27%
pince croco
27%
pince machino
27%
porte poly
27%
presse cyclone
27%
spigot
27%
superclamp
27%
tenders
27%
Aucun quiz correspondant
Distribution des résultats
% des personnes avec chaque résultat
Percentile par nombre de réponses
Votre historique - résultats
Vous n’avez pas pris ce quiz